Geographic Alphabet Quiz- Canada - Statistics

General Stats
  • This quiz has been taken 22 times
  • The average score is 16 of 23
Answer Stats
Description Starting Letter Answer % Correct
Canada's capital city, on the banks of a river bearing the same name, founded in 1826 as Bytown O Ottawa
100%
Capital and second-largest city of the province of Alberta, it is North America's northernmost metropolitan area with a population over one million E Edmonton
95%
Group of three waterfalls on the border between New York and Ontario, they have the highest flow rate of any waterfall in North America N Niagara Falls
95%
Capital city of the French-speaking Canadian province bearing the same name, founded by the French in 1608, it is one of the oldest European cities in North America Q Québec
95%
Largest city in Alberta, second largest city in western Canada, it was the first Canadian city to host the Winter Olympic Games (1988) C Calgary
89%
Island and province of Canada, one of the Maritime Provinces, the smallest province of Canada in both land area and population P Prince Edward Island
89%
Capital and second largest city of Saskatchewan, its name means "queen" in Latin R Regina
89%
Smallest and westernmost Canadian territory, it borders the US state of Alaska to the west, home to Canada's highest mountain: Mount Logan Y Yukon
89%
Large body of saltwater in northeastern Canada, named after an English explorer, it is the world's second largest body of water using the term "bay" H Hudson Bay
84%
City in southwestern Ontario, halfway between Toronto and Detroit, on the Thames River, named after a major British city L London
84%
Capital and largest city of Manitoba, named after a very large nearby lake W Winnipeg
84%
National Park located in Alberta's Rocky Mountains, on the border with British Columbia, it is Canada's oldest national park and a renowned tourist destination B Banff National Park
79%
Bay between New Brunswick and Nova Scotia, it has an extremely high tidal range F Bay of Fundy
74%
Capital and largest city of Newfoundland and Labrador, located on the southeastern tip of Newfoundland, it is North America's easternmost city S St. John's
68%
Capital of the territory of Nunavut, its name means "place of fish" in Inuktitut, it has the lowest population of any capital city in Canada I Iqaluit
63%
City in eastern Ontario, on the eastern end of Lake Ontario, at the beginning of the St. Lawrence River, midway between Toronto and Montreal, known as the "Limestone City" K Kingston
63%
Canada's second largest island, located in the Canadian Arctic Archipelago, split between Nunavut and the Northwestern Territories V Victoria Island
63%
Largest lake located entirely within Canada, in the Northwest Territories, on the Arctic Circle, it is the eighth largest lake in the world G Great Bear Lake
53%
City in northwestern Ontario, on the northwestern shore of Lake Superior, near the US border with Minnesota T Thunder Bay
53%
Area in northeastern Alberta containing large oil sands deposits (bitumen), it shares a name with a river that flows through it and a large nearby lake A Athabasca Oil Sands
47%
Third most populous city of Ontario and an eastern suburb of Toronto, on the shores of Lake Ontario, home to Toronto Pearson International Airport M Mississauga
42%
Strait that separates Vancouver Island (British Columbia) from the Olympic Peninsula (Washington), named after a Greek sailor in the service of the King of Spain J Juan de Fuca Strait
26%
Strait that separates Greenland from Baffin Island, in the Labrador Sea, named after a 16th century English explorer who sought a Northwest Passage D Davis Strait
11%
No matching quizzes found
Score Distribution
Percent of People with Each Score
Percentile by Number Answered
Your Score History
You have not taken this quiz